000
00262pab a2200109 454500
008
180718b xxu||||| |||| 00| 0 eng d
100
_a
Caudron, Shari
245
_a
Training ensures success overseas
650
_a
Training
773
_a
Personnel Journal
909
_a
2808
999
_c
2808
_d
2808